It's So Cold Jokes Quiz Stats

 Plays Quiz Updated Dec 11, 2014

Challenge
Share
Tweet
Embed
Score 0/20 Timer 07:00
3 Plays Today
% Correct
in their own pockets for once
93.5%
seal fur coats
92.8%
for your cereal
92.2%
you say 'thank you.'
92.1%
I got hail
92.1%
are pulling up their pants
91.9%
pictures of thumbs
91.4%
creates frost on the ground
91.2%
a gun permit
90.8%
to speed up Global Warming
89.1%
% Correct
t-shirts
89%
grow beards
88%
was brought inside for its own safety
87.8%
goose bumps
87.5%
was wearing a ski mask
86.9%
Nah- screw it. This is colder
86.6%
but we only got two chords
86.5%
lumps of coal for Christmas
86.2%
build a fire to warm up
78.2%
to warm up the house
75.5%

You're not logged in!

Compare scores with friends on all Sporcle quizzes.
OR
Log In

You Might Also Like...

Show Comments

Extras

Top Quizzes Today


Score Distribution

Your Account Isn't Verified!

In order to create a playlist on Sporcle, you need to verify the email address you used during registration. Go to your Sporcle Settings to finish the process.

Report this User

Report this user for behavior that violates our Community Guidelines.

Details: